After Polygamy Was Made a Sin The Social History of Christian Polygamy. (Record no. 96)

MARC details
000 -LEADER
fixed length control field 00404nam a22001217a 4500
005 - DATE AND TIME OF LATEST TRANSACTION
control field 20200811152041.0
008 - FIXED-LENGTH DATA ELEMENTS--GENERAL INFORMATION
fixed length control field 200807b ||||| |||| 00| 0 eng d
020 ## - INTERNATIONAL STANDARD BOOK NUMBER
International Standard Book Number 0710077300
040 ## - CATALOGING SOURCE
Transcribing agency CML
245 ## - TITLE STATEMENT
Title After Polygamy Was Made a Sin The Social History of Christian Polygamy.
Statement of responsibility, etc. Cairncross, J.
260 ## - PUBLICATION, DISTRIBUTION, ETC.
Place of publication, distribution, etc. London
Name of publisher, distributor, etc. Routledge and Kegan Paul
Date of publication, distribution, etc. 1974
942 ## - ADDED ENTRY ELEMENTS (KOHA)
Source of classification or shelving scheme Dewey Decimal Classification
Koha item type Books
Edition 1st Edtion
Classification part 261
Call number suffix GKI
Holdings
Withdrawn status Lost status Source of classification or shelving scheme Damaged status Not for loan Collection code Home library Current library Shelving location Date acquired Total Checkouts Full call number Date last seen Copy number Price effective from Koha item type
    Dewey Decimal Classification     Religion Chalimbana Main Library Chalimbana Main Library Religion 08/07/2020   261.834 GKI 08/07/2020 1 08/07/2020 Books

Powered by Koha